000 00233nam a22000857a 4500
008 160928b xxu||||| |||| 00| 0 eng d
100 _9808
_aBalasubramanian.P.
245 _aBridges-5 English
260 _aNew Delhi
_bFrank. Publications
_c2011
999 _c3462
_d3462